[Event "Titled Tuesday intern op 30th Apr Early"]
[Site "Chess.com INT"]
[Date "2024.04.30"]
[Round "4"]
[White "Heinechen, Juan"]
[Black "Eilenberg, Jonas"]
[Result "1-0"]
[WhiteElo "2156"]
[BlackElo "2290"]
[PlyCount "85"]
[EventDate "2024.04.30"]
[EventType "swiss (blitz)"]
[EventRounds "11"]
[EventCountry "USA"]
[SourceTitle "CB19_2024"]
[SourceDate "2024.05.08"]
[SourceVersion "1"]
[SourceVersionDate "2024.05.08"]
[SourceQuality "1"]

1. e4 c5 2. Nf3 Nc6 3. d4 cxd4 4. Nxd4 Nf6 5. Nc3 e5 6. Ndb5 d6 7. Bg5 a6 8. Na3 b5 9. Nd5 Be7 10. Bxf6 Bxf6 11. c4 Nd4 12. cxb5 Be6 13. Bc4 axb5 14. Nxf6+ gxf6 15. Bxe6 fxe6 16. 0-0 0-0 17. Nc2 Qb6 18. Nxd4 exd4 19. Qg4+ Kf7 20. Qh5+ Kg7 21. Qg4+ Kf7 22. Qh5+ Ke7 23. Qxh7+ Rf7 24. Qh5 Rg8 25. Rac1 e5 26. Qf5 Rfg7 27. g3 Rg5 28. Qh3 R5g7 29. Rc2 d3 30. Rc3 Ra8 31. a3 Kf7 32. Rxd3 Qc6 33. Rfd1 Rd8 34. Rd5 Kg8 35. Qe6+ Kh7 36. Qxf6 Rdd7 37. Rxd6 Rxd6 38. Rxd6 Qxe4 39. Qh6+ Kg8 40. Rd8+ Kf7 41. Rd7+ Ke8 42. Qe6+ Kf8 43. Rd8# 1-0

[Event "Titled Tuesday intern op 16th Jan Early"]
[Site "Chess.com INT"]
[Date "2024.01.16"]
[Round "5"]
[White "Heinechen, Juan"]
[Black "Quirke, Jeffrey"]
[Result "1-0"]
[WhiteElo "2169"]
[BlackElo "1986"]
[PlyCount "37"]
[EventDate "2024.01.16"]
[EventType "swiss (blitz)"]
[EventRounds "11"]
[EventCountry "USA"]
[SourceTitle "CB04_2024"]
[SourceDate "2023.10.16"]
[SourceVersion "1"]
[SourceVersionDate "2023.10.16"]
[SourceQuality "1"]

1. e4 e6 2. d4 d5 3. Nd2 c5 4. exd5 Qxd5 5. dxc5 Nf6 6. Ngf3 Qxc5 7. Bc4 Be7 8. 0-0 0-0 9. Qe2 Qc7 10. Nb3 b6 11. Ne5 Bb7 12. Bf4 Bd6 13. Rad1 Nd5 14. Bg3 Rc8 15. Bd3 Nd7 16. Bxh7+ Kxh7 17. Qh5+ Kg8 18. Qxf7+ Kh7 19. Rd4 1-0

[Event "Titled Tuesday intern op 16th Jan Early"]
[Site "Chess.com INT"]
[Date "2024.01.16"]
[Round "10"]
[White "Kim, Sergey2"]
[Black "Heinechen, Juan"]
[Result "1-0"]
[WhiteElo "2295"]
[BlackElo "2169"]
[PlyCount "101"]
[EventDate "2024.01.16"]
[EventType "swiss (blitz)"]
[EventRounds "11"]
[EventCountry "USA"]
[SourceTitle "CB04_2024"]
[SourceDate "2023.10.16"]
[SourceVersion "1"]
[SourceVersionDate "2023.10.16"]
[SourceQuality "1"]

1. d4 Nf6 2. c4 e6 3. Nc3 c5 4. d5 exd5 5. cxd5 d6 6. e4 g6 7. Nge2 Bg7 8. Ng3 0-0 9. Be2 h5 10. Bg5 Nbd7 11. Qd2 a6 12. a4 Rb8 13. 0-0 Qa5 14. f4 Qb4 15. Kh1 Ne8 16. f5 Ne5 17. Be7 h4 18. Bxh4 f6 19. a5 c4 20. Ra4 Qc5 21. fxg6 Nxg6 22. Rxc4 Qxa5 23. Rxc8 Rxc8 24. Nf5 b5 25. Bh5 Nxh4 26. Nxh4 b4 27. Nd1 Qb5 28. Be2 Qc5 29. Nf5 a5 30. Qf4 Rf7 31. Bh5 Ra7 32. Nde3 a4 33. Bg6 a3 34. bxa3 bxa3 35. Bxe8 Rxe8 36. Nxg7 Rxg7 37. Nf5 Rg6 38. Nxd6 Ra8 39. Qf5 Rg7 40. Qe6+ Kh8 41. Qxf6 a2 42. Nf5 Qc7 43. d6 Qf7 44. Qd4 Kh7 45. Ra1 Rg6 46. h3 Qb3 47. Qe5 Qb1+ 48. Kh2 Rag8 49. Qe7+ Kh8 50. Qh4+ Rh6 51. Qxh6# 1-0

[Event "Titled Tuesday intern op 19th Sep Late"]
[Site "Chess.com INT"]
[Date "2023.09.19"]
[Round "3"]
[White "Heinechen, Juan"]
[Black "Acosta Cruz, Oscar Yosimar"]
[Result "0-1"]
[WhiteElo "2154"]
[BlackElo "2098"]
[PlyCount "138"]
[EventDate "2023.09.19"]
[EventType "swiss (blitz)"]
[EventRounds "11"]
[EventCountry "USA"]
[SourceTitle "EXT 2024"]
[Source "ChessBase"]
[SourceDate "2023.10.10"]
[SourceVersion "1"]
[SourceVersionDate "2023.10.10"]
[SourceQuality "1"]

1. e4 c6 2. d4 d5 3. Nd2 dxe4 4. Nxe4 Bf5 5. Ng3 Bg6 6. h4 h6 7. Nf3 Nd7 8. h5 Bh7 9. Bd3 Bxd3 10. Qxd3 Ngf6 11. Bf4 Qa5+ 12. Bd2 Qc7 13. 0-0-0 e6 14. Kb1 0-0-0 15. Qe2 Kb8 16. Ne5 Nxe5 17. dxe5 Nd7 18. f4 Ka8 19. Ne4 Nc5 20. Nxc5 Bxc5 21. Bc1 Rd5 22. c4 Rdd8 23. g4 Bd4 24. Be3 Qb6 25. Bxd4 Rxd4 26. Rxd4 Qxd4 27. Rd1 Qxf4 28. Rd7 Rc8 29. a3 f6 30. exf6 Qxf6 31. Rd6 Re8 32. c5 Qf7 33. Qd3 e5 34. Rd7 Qf6 35. Qd6 Qf1+ 36. Kc2 Qc4+ 37. Kd2 Qf4+ 38. Kd3 e4+ 39. Kc2 Qg5 40. Qc7 Rb8 41. b4 a6 42. Rxg7 Qd5 43. Kb2 Qd2+ 44. Kb3 Qd1+ 45. Kb2 Qd3 46. Rd7 Qe2+ 47. Kb3 Qxg4 48. Rd8 Rxd8 49. Qxd8+ Ka7 50. Qb6+ Kb8 51. Qd8+ Qc8 52. Qd6+ Ka8 53. Qxh6 Qe8 54. Qg6 Qe5 55. Qg8+ Ka7 56. h6 e3 57. h7 e2 58. h8Q Qe3+ 59. Qc3 Qxc3+ 60. Kxc3 e1Q+ 61. Kb3 Qd1+ 62. Kb2 Qd2+ 63. Kb3 Qd3+ 64. Kb2 Qb5 65. Qg2 a5 66. Qd2 Ka6 67. Qc3 Qe2+ 68. Kb3 Qd1+ 69. Kc4 Qd5# 0-1

[Event "Titled Tuesday intern op 19th Sep Late"]
[Site "Chess.com INT"]
[Date "2023.09.19"]
[Round "1"]
[White "Heinechen, Juan"]
[Black "Haydon, David Leslie"]
[Result "0-1"]
[WhiteElo "2154"]
[BlackElo "2230"]
[PlyCount "70"]
[EventDate "2023.09.19"]
[EventType "swiss (blitz)"]
[EventRounds "11"]
[EventCountry "USA"]
[SourceTitle "EXT 2024"]
[Source "ChessBase"]
[SourceDate "2023.10.10"]
[SourceVersion "1"]
[SourceVersionDate "2023.10.10"]
[SourceQuality "1"]

1. e4 c6 2. d4 d5 3. Nd2 dxe4 4. Nxe4 Nf6 5. Ng3 g6 6. Bc4 Bg7 7. Nf3 0-0 8. 0-0 Bg4 9. c3 Nbd7 10. h3 Bxf3 11. Qxf3 e5 12. Rd1 exd4 13. Rxd4 Nd5 14. Rd1 Ne5 15. Qe2 Nxc4 16. Qxc4 Qb6 17. Qb3 Rfe8 18. Qxb6 axb6 19. a3 b5 20. Kf1 f5 21. Ne2 Re4 22. f3 Re7 23. Nf4 Nb6 24. Kf2 Nc4 25. Rb1 Rae8 26. b3 Nb6 27. Rd3 g5 28. Nh5 Re2+ 29. Kg1 Re1+ 30. Kh2 Be5+ 31. f4 gxf4 32. Rf3 Nd5 33. c4 Ne3 34. Bxe3 fxe3+ 35. g3 Rxb1 0-1

[Event "Titled Tuesday intern op 19th Sep Early"]
[Site "Chess.com INT"]
[Date "2023.09.19"]
[Round "2"]
[White "Heinechen, Juan"]
[Black "Tanriverdi, Enes"]
[Result "0-1"]
[WhiteElo "2154"]
[BlackElo "2371"]
[PlyCount "110"]
[EventDate "2023.09.19"]
[EventType "swiss (blitz)"]
[EventRounds "11"]
[EventCountry "USA"]
[SourceTitle "EXT 2024"]
[Source "ChessBase"]
[SourceDate "2023.10.10"]
[SourceVersion "1"]
[SourceVersionDate "2023.10.10"]
[SourceQuality "1"]

1. e4 c6 2. d4 g6 3. f4 Bg7 4. c3 d5 5. e5 h5 6. Nd2 Nh6 7. Ndf3 Bg4 8. Bd3 e6 9. Be3 Nf5 10. Bf2 Nd7 11. Qc2 Bxf3 12. Nxf3 Qe7 13. 0-0 0-0 14. h3 Rfc8 15. g4 hxg4 16. hxg4 Nh6 17. Nh2 c5 18. Qe2 cxd4 19. cxd4 Rc7 20. Rac1 Rac8 21. Qd2 Bf8 22. Kg2 Nb6 23. Rxc7 Rxc7 24. Kg3 Nc4 25. Qe2 Qb4 26. b3 Na3 27. Nf3 a6 28. Be1 Qb6 29. Rh1 Nb5 30. Bf2 Nc3 31. Qe3 Qc6 32. f5 Ne4+ 33. Bxe4 dxe4 34. f6 Qc3 35. Nd2 Qxe3+ 36. Bxe3 Rc3 37. Kf4 g5+ 38. Kxe4 Nxg4 39. Bxg5 Nf2+ 40. Kf4 Nxh1 41. Ne4 Rc2 42. Bh4 Rxa2 43. d5 exd5 44. e6 fxe6 45. Ng5 Bd6+ 46. Kg4 Nf2+ 47. Kh5 Ne4 48. f7+ Kf8 49. Kg6 Nxg5 50. Bxg5 Rg2 51. Kf6 Rxg5 52. Kxg5 Kxf7 53. Kg4 b5 54. Kf3 a5 55. Ke3 a4 0-1

[Event "Asuncion CIT op"]
[Site "Asuncion"]
[Date "2023.08.15"]
[Round "5"]
[White "Heinechen, Juan"]
[Black "Varillas Jimenes, Ivan"]
[Result "0-1"]
[WhiteElo "2169"]
[BlackElo "1952"]
[PlyCount "90"]
[EventDate "2023.08.12"]
[EventType "swiss"]
[EventRounds "9"]
[EventCountry "PAR"]
[SourceTitle "CBM 215 Extra"]
[Source "ChessBase"]
[SourceDate "2023.09.30"]
[SourceVersion "1"]
[SourceVersionDate "2023.09.30"]
[SourceQuality "1"]

1. e4 e5 2. Nf3 Nc6 3. Bc4 Nf6 4. d3 h6 5. c3 d6 6. a4 a5 7. Qb3 Qe7 8. 0-0 g5 9. Re1 Bg7 10. Na3 0-0 11. Nb5 Nh5 12. Nd2 Kh8 13. Nf1 Nb8 14. Qa3 Rd8 15. Qb3 Rf8 16. Ne3 c6 17. Na3 Nf4 18. Qd1 d5 19. exd5 f5 20. dxc6 bxc6 21. Nf1 Ng6 22. d4 Nd7 23. Ng3 Bb7 24. Bd3 Nh4 25. f4 c5 26. Bf1 cxd4 27. fxg5 f4 28. gxh6 Bxh6 29. Qh5 Kg7 30. cxd4 e4 31. Bb5 Rad8 32. d5 e3 33. Qg4+ Kh8 34. Bd2 Ne5 35. Bc3 fxg3 36. Bxe5+ Qxe5 37. Qxh4 gxh2+ 38. Qxh2 Qg5 39. Nc4 Rxd5 40. Rxe3 Rd4 41. Rh3 Kg7 42. Re1 Rg4 43. Ne3 Qc5 44. Rh5 Bxe3+ 45. Kh1 Bxg2+ 0-1

[Event "Asuncion zt 2.5"]
[Site "Asuncion"]
[Date "2023.03.09"]
[Round "7"]
[White "Rodriguez Vila, Andres"]
[Black "Heinechen, Juan"]
[Result "1-0"]
[WhiteElo "2430"]
[BlackElo "2153"]
[PlyCount "83"]
[EventDate "2023.03.05"]
[EventType "swiss"]
[EventRounds "9"]
[EventCountry "PAR"]
[SourceTitle "CBM 213 Extra"]
[Source "ChessBase"]
[SourceDate "2023.05.31"]
[SourceVersion "1"]
[SourceVersionDate "2023.05.31"]
[SourceQuality "1"]

1. d4 Nf6 2. c4 e6 3. Nc3 c5 4. d5 exd5 5. cxd5 d6 6. Nf3 g6 7. Bf4 Bg7 8. e3 0-0 9. Bd3 Na6 10. 0-0 Nc7 11. Qb3 Rb8 12. a4 Bg4 13. Be2 Bxf3 14. Bxf3 Nfe8 15. Rad1 f5 16. h3 b5 17. axb5 Nxb5 18. Qc4 Nxc3 19. bxc3 Qa5 20. Ra1 Qxc3 21. Qxc3 Bxc3 22. Rxa7 Rf7 23. Ra6 Rd7 24. Rc1 Bf6 25. Bd1 Rdb7 26. Ba4 Rb1 27. Rf1 Kf7 28. Bxe8+ Kxe8 29. Rxd6 Rxf1+ 30. Kxf1 Rb1+ 31. Ke2 Rb2+ 32. Kd3 Rb3+ 33. Kc4 Rc3+ 34. Kb5 Be7 35. Ra6 Rb3+ 36. Kc6 c4 37. d6 c3 38. dxe7 c2 39. Kd6 Kf7 40. e8Q+ Kxe8 41. Ke6 Kf8 42. Bh6+ 1-0

[Event "Asuncion zt 2.5"]
[Site "Asuncion"]
[Date "2023.03.08"]
[Round "6"]
[White "Heinechen, Juan"]
[Black "Alarcon, Jose"]
[Result "1-0"]
[WhiteElo "2153"]
[BlackElo "2023"]
[PlyCount "123"]
[EventDate "2023.03.05"]
[EventType "swiss"]
[EventRounds "9"]
[EventCountry "PAR"]
[SourceTitle "CBM 213 Extra"]
[Source "ChessBase"]
[SourceDate "2023.05.31"]
[SourceVersion "1"]
[SourceVersionDate "2023.05.31"]
[SourceQuality "1"]

1. e4 c5 2. Nc3 Nc6 3. Bb5 Nd4 4. Nf3 a6 5. Bd3 g6 6. Nxd4 cxd4 7. Ne2 Bg7 8. 0-0 d5 9. exd5 Qxd5 10. c4 Qd6 11. f4 Nf6 12. b3 0-0 13. Bb2 Nd7 14. Ng3 a5 15. Ne4 Qc7 16. Ba3 Re8 17. Qf3 h6 18. Rae1 Qd8 19. Rf2 a4 20. b4 f5 21. Nc5 Nxc5 22. bxc5 e6 23. Rfe2 Qc7 24. g4 Qf7 25. gxf5 gxf5 26. Rg2 Kh7 27. Rb1 Bf6 28. Qh3 Ra7 29. Be2 Rg8 30. Rxg8 Qxg8+ 31. Kf2 Bd7 32. Rg1 Qh8 33. Bh5 Be8 34. d3 Ra8 35. Bf3 Rb8 36. Rb1 Bc6 37. Qg2 Bh4+ 38. Kf1 Rg8 39. Bxc6 Rxg2 40. Bxg2 Qf8 41. Rxb7+ Kg6 42. Rb6 Kg7 43. Rb7+ Kf6 44. Bf3 Kg6 45. Rb6 Be7 46. Rxe6+ Kh7 47. Re5 Kh8 48. Bb4 Qf6 49. Be1 Qf8 50. Bb4 Bf6 51. Rxf5 Qe7 52. Be4 Kg7 53. a3 Qd7 54. c6 Qc8 55. Bd6 Bd8 56. Be5+ Kg8 57. Bd5+ Kh7 58. Rf7+ Kg6 59. Rg7+ Kh5 60. Kg2 Kh4 61. f5 Bg5 62. h3 1-0

[Event "Asuncion zt 2.5"]
[Site "Asuncion"]
[Date "2023.03.06"]
[Round "3"]
[White "Heinechen, Juan"]
[Black "Riquelme, Andres"]
[Result "1-0"]
[WhiteElo "2153"]
[BlackElo "1653"]
[PlyCount "67"]
[EventDate "2023.03.05"]
[EventType "swiss"]
[EventRounds "9"]
[EventCountry "PAR"]
[SourceTitle "CBM 213 Extra"]
[Source "ChessBase"]
[SourceDate "2023.05.31"]
[SourceVersion "1"]
[SourceVersionDate "2023.05.31"]
[SourceQuality "1"]

1. e4 e5 2. Nf3 Nc6 3. Bc4 Nf6 4. d3 Be7 5. 0-0 0-0 6. Re1 d6 7. c3 Bg4 8. h3 Bd7 9. Bb3 Na5 10. Bc2 c5 11. Nbd2 b5 12. Nf1 Qc8 13. Ng3 Nc6 14. Be3 a5 15. d4 a4 16. a3 Ne8 17. Nf5 Bxf5 18. exf5 Nf6 19. dxe5 Nxe5 20. Nxe5 dxe5 21. Bg5 Rd8 22. Qe2 Qb8 23. f4 c4 24. fxe5 Nd5 25. f6 Bc5+ 26. Kh1 g6 27. e6 Re8 28. exf7+ Kxf7 29. Qf3 Qd6 30. Re7+ Nxe7 31. fxe7+ Kg7 32. Rf1 Qe6 33. Bf6+ Kg8 34. Be4 1-0

[Event "Asuncion zt 2.5"]
[Site "Asuncion"]
[Date "2023.03.06"]
[Round "2"]
[White "Real de Azua, Ernesto"]
[Black "Heinechen, Juan"]
[Result "1-0"]
[WhiteElo "2449"]
[BlackElo "2153"]
[PlyCount "95"]
[EventDate "2023.03.05"]
[EventType "swiss"]
[EventRounds "9"]
[EventCountry "PAR"]
[SourceTitle "CBM 213 Extra"]
[Source "ChessBase"]
[SourceDate "2023.05.31"]
[SourceVersion "1"]
[SourceVersionDate "2023.05.31"]
[SourceQuality "1"]

1. Nf3 Nf6 2. c4 e6 3. Nc3 d5 4. e3 b6 5. b3 Bb7 6. Bb2 Nbd7 7. Rc1 a6 8. cxd5 exd5 9. Ne2 Bd6 10. Ned4 g6 11. Nc6 Qc8 12. g3 0-0 13. Bh3 Qe8 14. 0-0 Ne4 15. d3 Nec5 16. Ncd4 Ne5 17. Nxe5 Bxe5 18. b4 Na4 19. Ba1 f5 20. Qb3 Rf7 21. Bg2 c5 22. bxc5 bxc5 23. Nxf5 Rxf5 24. Bxe5 Qxe5 25. Qxa4 Rc8 26. Qa3 Rf7 27. Rxc5 Rcf8 28. d4 Qh5 29. Qb3 Kg7 30. Qc2 Kh6 31. Rc7 a5 32. Rxf7 Rxf7 33. Qd2 Ba6 34. Rc1 Kg7 35. Qxa5 Qe2 36. Qe1 Qxa2 37. Ra1 Qc4 38. Bf1 Qxf1+ 39. Qxf1 Bxf1 40. Kxf1 Kf6 41. Ra6+ Kf5 42. Rd6 Kg4 43. Kg2 Kh5 44. Rxd5+ g5 45. h3 h6 46. Rd6 g4 47. Rd5+ Kg6 48. hxg4 1-0

[Event "Asuncion zt 2.5"]
[Site "Asuncion"]
[Date "2023.03.05"]
[Round "1"]
[White "Heinechen, Juan"]
[Black "Cespedes Alonso, Walter Fabian"]
[Result "1-0"]
[WhiteElo "2153"]
[BlackElo "1531"]
[PlyCount "49"]
[EventDate "2023.03.05"]
[EventType "swiss"]
[EventRounds "9"]
[EventCountry "PAR"]
[SourceTitle "CBM 213 Extra"]
[Source "ChessBase"]
[SourceDate "2023.05.31"]
[SourceVersion "1"]
[SourceVersionDate "2023.05.31"]
[SourceQuality "1"]

1. d4 Nf6 2. Nc3 d5 3. Bf4 a6 4. e3 e6 5. g4 c5 6. g5 Nfd7 7. Bg2 Nc6 8. Nf3 Be7 9. h4 b5 10. e4 Nb6 11. dxc5 Bxc5 12. Ne5 Ne7 13. Qf3 b4 14. Nxf7 Qd7 15. Nxh8 bxc3 16. Qxc3 Qb5 17. Qxg7 Qc4 18. Nf7 Qb4+ 19. c3 Qxb2 20. 0-0 Qa3 21. Ne5 Bd6 22. Qh8+ Ng8 23. Qxg8+ Bf8 24. Qf7+ Kd8 25. Nc6# 1-0

[Event "Florianopolis op 9th"]
[Site "Florianopolis"]
[Date "2023.01.27"]
[Round "7"]
[White "Heinechen, Juan"]
[Black "Da Silva, Lucas Pereira Mende"]
[Result "1-0"]
[WhiteElo "2146"]
[BlackElo "1838"]
[PlyCount "93"]
[EventDate "2023.01.23"]
[EventType "swiss"]
[EventRounds "10"]
[EventCountry "BRA"]
[SourceTitle "CBM 212 Extra"]
[Source "ChessBase"]
[SourceDate "2023.03.31"]
[SourceVersion "1"]
[SourceVersionDate "2023.03.31"]
[SourceQuality "1"]

1. e4 c5 2. Nf3 d6 3. d4 cxd4 4. Nxd4 Nf6 5. Nc3 a6 6. h3 e5 7. Nb3 Be6 8. f4 Be7 9. Qf3 b5 10. f5 Bc8 11. Be3 Bb7 12. 0-0-0 Nbd7 13. g4 h6 14. Bd3 b4 15. Nd5 Nxd5 16. exd5 Nf6 17. Be4 a5 18. Nd2 Rc8 19. Kb1 Qc7 20. Rc1 Qb8 21. Rhd1 Qa8 22. Nf1 Rc4 23. Ng3 Kf8 24. Qe2 Rxe4 25. Nxe4 Nxe4 26. Qb5 Nf6 27. c4 bxc3 28. Rxc3 Nxd5 29. Rxd5 Bxd5 30. Qd7 Bb7 31. Rc7 Qd8 32. Qxd8+ Bxd8 33. Rxb7 Ke8 34. Kc2 g6 35. Kd3 gxf5 36. gxf5 Rg8 37. Ke4 Rg3 38. Bxh6 Rxh3 39. Bd2 Rh4+ 40. Kf3 d5 41. Rb8 Rh8 42. Bxa5 Kd7 43. Bxd8 Rxd8 44. Rb7+ Ke8 45. a4 f6 46. a5 Rd7 47. a6 1-0

[Event "Florianopolis op 9th"]
[Site "Florianopolis"]
[Date "2023.01.26"]
[Round "5"]
[White "Heinechen, Juan"]
[Black "Bassani, Jaison Jose"]
[Result "1-0"]
[WhiteElo "2146"]
[BlackElo "1913"]
[PlyCount "117"]
[EventDate "2023.01.23"]
[EventType "swiss"]
[EventRounds "10"]
[EventCountry "BRA"]
[SourceTitle "CBM 212 Extra"]
[Source "ChessBase"]
[SourceDate "2023.03.31"]
[SourceVersion "1"]
[SourceVersionDate "2023.03.31"]
[SourceQuality "1"]

1. e4 c5 2. Nc3 Nc6 3. Bb5 g6 4. Bxc6 bxc6 5. f4 Bg7 6. Nf3 d6 7. d3 Nh6 8. 0-0 0-0 9. Qe1 f6 10. Qh4 Nf7 11. Kh1 e5 12. Qg3 Bd7 13. Be3 Qe7 14. Rae1 exf4 15. Bxf4 Ne5 16. b3 Rae8 17. Re2 Be6 18. Ref2 Qc7 19. Na4 Qd7 20. h3 Kh8 21. Be3 Kg8 22. Bf4 Kh8 23. Rd1 Qe7 24. Re2 Bc8 25. c3 Ba6 26. Ree1 Rd8 27. c4 Bb7 28. Rf1 Nf7 29. Bc1 Rde8 30. Bb2 Ne5 31. Rfe1 Kg8 32. d4 cxd4 33. Nxd4 a6 34. c5 dxc5 35. Ba3 Nd7 36. Qc7 Ba8 37. Nf3 Rf7 38. Qa7 Qe6 39. Qxa6 c4 40. bxc4 Ne5 41. Nxe5 Qxe5 42. Bd6 Qh5 43. c5 Bb7 44. Qd3 Bc8 45. Nb6 Bg4 46. Rd2 f5 47. Qg3 Bh6 48. Rd3 Be2 49. exf5 Rxf5 50. Rd4 Re3 51. Qh4 Qxh4 52. Rxh4 Bg5 53. Ra4 Rf7 54. Nc4 Re4 55. Ra8+ Kg7 56. Be5+ Kh6 57. Nd6 Re7 58. Nxe4 Rxe5 59. Rxe2 1-0

[Event "Online Olym Div2 E"]
[Site "Chess.com INT"]
[Date "2021.09.03"]
[Round "6.3"]
[White "Giron Chavez, David Emanuel"]
[Black "Heinechen, Juan"]
[Result "1-0"]
[WhiteElo "2126"]
[BlackElo "2146"]
[PlyCount "93"]
[EventDate "2021.09.02"]
[EventType "team (rapid)"]
[EventRounds "9"]
[EventCountry "USA"]
[SourceTitle "CBM 204 Extra"]
[Source "ChessBase"]
[SourceDate "2021.11.30"]
[SourceVersion "1"]
[SourceVersionDate "2021.11.30"]
[SourceQuality "1"]
[WhiteTeam "Guatemala"]
[BlackTeam "Paraguay"]
[WhiteTeamCountry "GUA"]
[BlackTeamCountry "PAR"]

1. e4 c5 2. Nf3 Nc6 3. d4 cxd4 4. Nxd4 g6 5. c4 Nf6 6. Nc3 d6 7. Be2 Bg7 8. Be3 0-0 9. 0-0 Bd7 10. h3 Nxd4 11. Bxd4 Bc6 12. Qd3 Nd7 13. Bxg7 Kxg7 14. Qd4+ Kg8 15. f4 Qb6 16. Qxb6 Nxb6 17. Nd5 Bxd5 18. exd5 Rfc8 19. b3 a5 20. Bd3 Nd7 21. Rfe1 Nc5 22. Bc2 Rc7 23. Kf2 a4 24. Ke3 Na6 25. Kd4 Nb4 26. Be4 f5 27. Bd3 Kf7 28. g4 fxg4 29. hxg4 a3 30. Re2 Rf8 31. Rf2 Kg7 32. Rh1 Rc5 33. g5 b5 34. Rfh2 Rh8 35. Bb1 bxc4 36. bxc4 Na6 37. Rh6 Nc7 38. Bxg6 Na6 39. Rxh7+ Rxh7 40. Bxh7 Nb4 41. Bb1 Na6 42. Rh7+ Kf8 43. Bf5 Rc7 44. Be6 Nb4 45. Rf7+ Ke8 46. Rg7 Nc2+ 47. Kc3 1-0

[Event "Online Olym Div Top-D"]
[Site "Chess.com INT"]
[Date "2020.08.21"]
[Round "2.5"]
[White "Heinechen, Juan"]
[Black "Xiong, Jeffery"]
[Result "0-1"]
[WhiteElo "2158"]
[BlackElo "2709"]
[PlyCount "46"]
[EventDate "2020.08.21"]
[EventType "team-tourn (rapid)"]
[EventRounds "9"]
[EventCountry "USA"]
[SourceTitle "CBM 198"]
[Source "ChessBase"]
[SourceDate "2020.10.31"]
[SourceVersion "1"]
[SourceVersionDate "2020.10.31"]
[SourceQuality "1"]
[WhiteTeam "Paraguay"]
[BlackTeam "United States"]
[WhiteTeamCountry "PAR"]
[BlackTeamCountry "USA"]

1. e4 c5 2. Nf3 e6 3. d4 cxd4 4. Nxd4 Nc6 5. Nxc6 bxc6 6. Bd3 Nf6 7. 0-0 d5 8. Nd2 Be7 9. b3 0-0 10. Bb2 a5 11. Qe2 a4 12. Rae1 Nd7 13. c4 axb3 14. axb3 Ra2 15. Rb1 Nc5 16. Rfd1 Ba6 17. Bd4 dxc4 18. Bxc5 c3 19. Bxa6 Bxc5 20. Qc4 c2 21. Qxc5 Qxd2 22. Rf1 cxb1Q 23. Rxb1 Rxa6 0-1

[Event "PAR-ch sf"]
[Site "Asuncion"]
[Date "2020.03.08"]
[Round "5"]
[White "Zarza, Ronald"]
[Black "Heinechen, Juan"]
[Result "1/2-1/2"]
[WhiteElo "2061"]
[BlackElo "2158"]
[PlyCount "70"]
[EventDate "2020.03.06"]
[EventType "swiss"]
[EventRounds "7"]
[EventCountry "PAR"]
[SourceTitle "CBM 195 Extra"]
[Source "ChessBase"]
[SourceDate "2020.05.31"]
[SourceVersion "1"]
[SourceVersionDate "2020.05.31"]
[SourceQuality "1"]

1. e4 c5 2. Nf3 Nc6 3. d4 cxd4 4. Nxd4 e5 5. Nb5 d6 6. c4 a6 7. N5c3 f5 8. Bd3 fxe4 9. Bxe4 Be6 10. Nd5 Nf6 11. Bg5 Be7 12. Bxf6 Bxf6 13. Nbc3 Nd4 14. Qa4+ Bd7 15. Qb4 Bc6 16. c5 dxc5 17. Qxc5 Rc8 18. Qa3 Bxd5 19. Nxd5 Nc2+ 20. Bxc2 Qxd5 21. Qb3 Qxb3 22. Bxb3 Be7 23. Ke2 Bc5 24. Rad1 Rf8 25. f3 Bd4 26. Rd2 Ke7 27. Bd5 Rc7 28. Be4 h6 29. b3 Kd6 30. Rc2 Rxc2+ 31. Bxc2 Kc5 32. Be4 b6 33. Rc1+ Kd6 34. Rc6+ Kd7 35. Rg6 Rf7 1/2-1/2

[Event "PAR-ch sf"]
[Site "Asuncion"]
[Date "2020.03.06"]
[Round "1"]
[White "Heinechen, Juan"]
[Black "Avalos Sanabria, Augusto Alfredo"]
[Result "1-0"]
[WhiteElo "2158"]
[BlackElo "1452"]
[PlyCount "69"]
[EventDate "2020.03.06"]
[EventType "swiss"]
[EventRounds "7"]
[EventCountry "PAR"]
[SourceTitle "CBM 195 Extra"]
[Source "ChessBase"]
[SourceDate "2020.05.31"]
[SourceVersion "1"]
[SourceVersionDate "2020.05.31"]
[SourceQuality "1"]

1. e4 c5 2. Nf3 d6 3. d4 cxd4 4. Nxd4 Nf6 5. Nc3 a6 6. h3 e6 7. g4 h6 8. Be3 Bd7 9. Bg2 Nc6 10. Nde2 e5 11. Qd2 Qc7 12. f4 exf4 13. Nxf4 Be6 14. Qf2 Nd7 15. 0-0 Nce5 16. Ncd5 Qc6 17. b3 g5 18. Nh5 0-0-0 19. Bd4 Kb8 20. c4 Rc8 21. Rfd1 Bxd5 22. exd5 Qc7 23. Be4 Rg8 24. Bh7 Rh8 25. Bf5 Rg8 26. Bxd7 Nxd7 27. Qxf7 Be7 28. Qxe7 Nc5 29. Qxc7+ Rxc7 30. Rf1 Rg6 31. Rf8+ Rc8 32. Raf1 Nd7 33. Rxc8+ Kxc8 34. Rf7 Rg8 35. Rxd7 1-0

[Event "Florianopolis op 6th"]
[Site "Florianopolis"]
[Date "2020.01.22"]
[Round "4"]
[White "Heinechen, Juan"]
[Black "Labussiere, Victor"]
[Result "1/2-1/2"]
[WhiteElo "2110"]
[BlackElo "2363"]
[PlyCount "140"]
[EventDate "2020.01.20"]
[EventType "swiss"]
[EventRounds "10"]
[EventCountry "BRA"]
[SourceTitle "CBM 194 Extra"]
[Source "ChessBase"]
[SourceDate "2020.03.31"]
[SourceVersion "1"]
[SourceVersionDate "2020.03.31"]
[SourceQuality "1"]

1. e4 c5 2. Nc3 Nc6 3. g3 g6 4. Bg2 Bg7 5. d3 d6 6. Nge2 e6 7. 0-0 Nge7 8. f4 0-0 9. Be3 Nd4 10. Qd2 Rb8 11. g4 f5 12. gxf5 exf5 13. Bf2 Nxe2+ 14. Qxe2 fxe4 15. Nxe4 h6 16. Bh4 Qc7 17. Nxd6 Nf5 18. Nxf5 Bxf5 19. c3 Rbe8 20. Qf3 Qb6 21. Qxb7 Bxd3 22. Qd5+ Kh7 23. Qxd3 c4+ 24. Bf2 cxd3 25. Bxb6 axb6 26. Rad1 Re2 27. Rf2 Rxf2 28. Kxf2 Rxf4+ 29. Ke3 Rg4 30. Kf3 Ra4 31. a3 g5 32. Rxd3 g4+ 33. Ke3 Be5 34. h3 gxh3 35. Bxh3 Bf4+ 36. Kf3 Bc1 37. Rd7+ Kh8 38. Rd6 Bxb2 39. Rxh6+ Kg7 40. Rxb6 Bxc3 41. Rb3 Be5 42. Bd7 Rd4 43. Bb5 Rh4 44. Rd3 Kf6 45. a4 Rb4 46. Rd7 Ke6 47. Ke3 Bd6 48. Rh7 Kd5 49. Rh5+ Be5 50. Bc6+ Kd6 51. Bb5 Rb1 52. Kd3 Rd1+ 53. Kc2 Ra1 54. Rh6+ Kd5 55. Rh5 Ra2+ 56. Kd3 Ra3+ 57. Kc2 Rc3+ 58. Kd2 Rg3 59. Kc2 Ke4 60. Rh4+ Ke3 61. Bc6 Bf4 62. a5 Rg5 63. Rh3+ Kd4 64. Rd3+ Kc4 65. Rc3+ Kb4 66. a6 Ra5 67. Rb3+ Kc5 68. Rb5+ Rxb5 69. Bxb5 Kb6 70. a7 Kxa7 1/2-1/2